000 00692nam a22002417a 4500
001 94852
003 UA-OsUOA
005 20210620233530.0
007 ta
008 20130218b un ||||| |||| 00| 0 ukr d
040 _aUA-OsUOA
_brus
_cUA-OsUOA
_dUA-OsUOA
041 _arus
080 _a821.161.1
090 _a821.161.1
_bД17
100 _aДангулов С.
245 _aКузнецкий мост
_bроман
_nкн. 2
260 _aМ.
_bСов. писатель
_c1980
300 _a366 с.
650 7 _a82 Література. Літературознавство
_2UDC
942 _cBK
_2udc
955 _a3
999 _c381109
_d381109